| 000 | 00584nam a2200205 a 4500 | ||
|---|---|---|---|
| 005 | 20210219153205.0 | ||
| 008 | 991125n 000 0 eng u | ||
| 035 | _aUPN01000083349 | ||
| 100 | _aPERKINS, Robert | ||
| 222 | _aCOMPUTERS IN THE SCHOOLS : | ||
| 245 | _aIntegrating : alternative inputs devices and hypeermedia for use by exceptional individuals | ||
| 260 | _aNEW YORK, EUA. | ||
| 300 | _a339-351 | ||
| 362 | _a1994 10, nos. 3-4 | ||
| 653 | 0 | _aCOMPUTADORA | |
| 653 | 0 | _aHIPERMEDIA | |
| 653 | 0 | _aTECNOLOGIA EDUCATIVA | |
| 904 |
_aAC _b021160 |
||
| 905 | _aArticulo | ||
| 999 |
_c70641 _d70641 |
||